000 00683nam a2200205 a 4500
001 000021796
005 20200930011443.0
008 100913s1979 dr a r 000 0 spa d
040 _aDO-SdBNP
_bspa
_cBNPHU
082 _a641.597293
_bG643c, 1979
100 1 _aGonzález, Guillermina
_945276
245 1 0 _aCocina dominicana y platos internacionales /
_cGuillermina González.
250 _a2a ed. corr, y aum.
260 _aSanto Domingo :
_bEducativa dominicana,
_c1979.
300 _a280 p. :
_bil. ;
_c22 cm.
590 _aInventariado, 2018/BT
650 4 _aCocina dominicana
_9192
650 4 _aPreparación de alimentos
_9193
910 _aValidado. Control de calidad. MMOLINA
999 _c21294
_d21294